Celebrities based on description - Statistics

General Stats
  • This quiz has been taken 781 times
    774 since last reset
  • The average score is 3 of 14
Answer Stats
Hint Answer % Correct
Famous for being famous Paris Hilton
66%
Singer from Barbados Rihanna
65%
Known for her full lips Angelina Jolie
46%
He's a rebel without a cause James Dean
31%
Violet eyes Elizabeth Taylor
29%
Dumb blonde Marilyn Monroe
29%
Strongly associated with a donkey Eddie Murphy
25%
Ushered the heroin chic look Kate Moss
16%
Adopted a cheetah to match his skills Usain Bolt
12%
Most important actor of modern cinema Marlon Brando
6%
Bawdy talker Mae West
3%
Headstrong independent Katharine Hepburn
2%
Greatest male star Humphrey Bogart
1%
Blonde bombshell Jean Harlow
1%
No matching quizzes found
Score Distribution
Percent of People with Each Score
Percentile by Number Answered
Your Score History
You have not taken this quiz since the last reset